000 01448nam a2200361 i 4500
001 000006569
003 DO-SdBNP
005 20250515142516.0
007 ta
008 090901s1993 dr a 001 0 spa d
040 _aDO-SdBNP
_bspa
_cBNPHU
_erda
041 _aspa
082 4 _a100
_bA473c 1993
_222
100 _aÁlvarez, José Luis,
_eautor
_4aut.
_918237
245 1 0 _aIntroducción a la filosofía /
_cÁlvarez José Luis, Miguel Ángel Díez, Santiago Povedano.
250 _aSegunda edición
264 1 _aSanto Domingo :
_bEditorial Rex
_c1993.
300 _a176 páginas :
_bilustraciones ;
_c21 cm.
336 _atexto
_btxt
_2rdacontent
337 _asin mediación
_bn
_2rdamedia
338 _avolumen
_bnc
_2rdacarrier
500 _aEn la portada señala que ha sido aprobado por la Secretaría de Estado de Educación, Bellas Artes y Cultos, mediante oficio No. 9147, de fecha 27-9-85, para ser ulilizado como texto básico en el 4to. curso de bachillerato.
500 _aCurso cuarto de bachillerato.
500 _aIncluye referencias bibliográficas y notas al pie de las páginas.
504 _aBibliografía : página 175-176
590 _aInventariado, 2018 /LP
650 4 _aFilosofía
_9813
650 4 _aFilosofía
_xHistoria
_9528
700 1 _aDíez, Miguel Ángel,
_eautor
_4aut.
_918238
700 1 _aPovedano, Santiago,
_eautor
_4aut.
_918239
910 _aValidado. Control de calidad EMS
942 _2ddc
_cLBS1
999 _c6360
_d6360